| Tag |
First Indicator |
Second Indicator |
Subfields |
| LEADER |
00000nam a2200000 4500 |
| 001 |
in00004228024 |
| 005 |
20200806094343.0 |
| 006 |
m g d |
| 007 |
cr bn |||a|bb| |
| 008 |
900830s1629 enk o 00| | eng d |
| 035 |
|
|
|a (UnM)99836255
|
| 037 |
|
|
|a CL0036000037
|b ProQuest. 789 E. Eisenhower Parkway, Ann Arbor, MI 48108-3218
|
| 040 |
|
|
|a Cu-RivES
|c Cu-RivES
|d CStRLIN
|e dcrb
|d WaOLN
|
| 100 |
1 |
|
|a Randall, John,
|d 1570-1622.
|
| 245 |
0 |
0 |
|a Saint Pauls triumph, or, Cygnea illa & dulcissima cantio :
|b that swan-like and most sweete song, of that learned and faithfull seruant of God, master Iohn Randall, Bachelour of Diuinitie. Vttered by him (in an eleuen sermons vpon the eight chapter of S. Paul his epistle to the Romanes, vers. 38, 39.) lately before his death, in the time of his great and heauie affliction, and vpon the communion dayes, eyther altogether, or for the most part. With an exact table at the end of the booke, shewing and directing to the maine and choice things handled in this treatise, by William Holbrooke, preacher of the word of God.
|
| 246 |
2 |
|
|a Cygnea illa & dulcissima cantio.
|
| 246 |
2 |
|
|a Saints coniunction with God, and support of troubles.
|
| 246 |
2 |
|
|a Workes of .. John Randall.
|
| 250 |
|
|
|a The third edition.
|
| 260 |
|
|
|a London :
|b Printed [by H. Lownes and R. Young] for H. L[ownes] R. Y[oung] and N. Newberry,
|c 1629.
|
| 300 |
|
|
|a 1 online resource ([8], 221, [7] pages)
|
| 336 |
|
|
|a text
|b txt
|2 rdacontent
|
| 337 |
|
|
|a computer
|b c
|2 rdamedia
|
| 338 |
|
|
|a online resource
|b cr
|2 rdacarrier
|
| 500 |
|
|
|a Printers' and publisher's names from STC.
|
| 500 |
|
|
|a Running title reads: The saints coniunction with God, and support in troubles.
|
| 500 |
|
|
|a Page 149 misnumbered 159.
|
| 500 |
|
|
|a First published in 1623 as STC 20678.
|
| 500 |
|
|
|a Also part 1 of STC 20668, The workes of .. John Randall, published in 1630.
|
| 500 |
|
|
|a Some print faded and show-through and pages stained; marginal print cropped.
|
| 500 |
|
|
|a Reproduction of original in the University of Illinois (Urbana-Champaign Campus). Library.
|
| 510 |
4 |
|
|a STC (2nd edition)
|c 20680.
|
| 533 |
|
|
|a Electronic reproduction.
|b Ann Arbor, Mich. :
|c UMI,
|d 1999-
|f (Early English books online)
|n Digital version of: (Early English books, 1475-1640 ; 1360:04)
|7 s1999 miun s
|
| 630 |
0 |
4 |
|a Bible.
|p N.T.
|p Romans
|x Commentaries.
|
| 650 |
|
0 |
|a Sermons, English
|y 17th century.
|
| 700 |
1 |
|
|a Holbrooke, William.
|
| 830 |
|
0 |
|a Early English books online.
|
| 856 |
4 |
0 |
|u http://proxy.library.tamu.edu/login?url=https://search.proquest.com/docview/2240916954
|z Connect to the full text of this electronic book
|t 0
|
| 999 |
f |
f |
|s 110e5830-3272-3523-99df-fc52a7b256f9
|i a9b88714-d82e-38d5-a423-658f7afef4f0
|t 0
|
| 952 |
f |
f |
|a Texas A&M University
|b College Station
|c Electronic Resources
|d Available Online
|t 0
|h No information provided
|
| 998 |
f |
f |
|t 0
|l Available Online
|